000 01574nam a2200289Ia 4500
003 PE SENCICO BE
005 20251020182431.0
008 200515s9999 xx 000 0 und d
020 _a84-283-1774-7
040 _aPE SENCICO BE
_cPE SENCICO BE
041 _aspa
082 _a658.404
_bL75
100 1 _aLock, Dennis
_92569
_eautor
245 1 0 _aGestión de proyectos /
_cDennis Lock
250 _a2a ed.
260 _aMadrid :
_bParaninfo ;
_c1994
300 _a278 p. :
_btbl., graf. ;
_c24 cm.
490 _aColección éxito
500 _aEn la cubierta: planificación, presupuesto, control y evaluación de proyectos
505 0 _aLa gestión de proyectos en la organización -- Definición del proyecto -- Estimación de costos y fijación del precio -- Planificación del tiempo -- Programación de recursos -- Programación por ordenador -- Planificación de piezas -- Implementación del programa -- Control de compras y materiales -- Modificaciones, preparación de planificaciones y concesiones -- Relación entre resultados y coste -- Terminación del proyecto
520 3 _aTexto pensado fundamentalmente para operar con la máxima eficacia y seguridad en la gestión de un proyecto, rigurosamente controlado y perfectamente coordinado con las complejas actividades que lleva consigo toda la industria moderna o planes comerciales.
650 1 0 _aEvaluación de proyectos
_914
650 2 0 _aFinanciamiento de proyectos
_92269
650 2 0 _aAdministración del tiempo
_92558
650 2 0 _aAdministración de proyectos
_9149
942 _cLIB
_2ddc
999 _c240
_d240